The Turbulence of Migration: Globalization, Deterritorialization and Hybridity
| Main Author: | |
|---|---|
| Format: | Unknown |
| LEADER | 00243 a2200085 4500 | ||
|---|---|---|---|
| 020 | |a 9780745614311 | ||
| 100 | |a Nikos Papastergiadis |9 59543 | ||
| 245 | |a The Turbulence of Migration: Globalization, Deterritorialization and Hybridity | ||
| 942 | |c BK | ||
| 999 | |c 47600 |d 47600 | ||